| 000 | 01606nam2a2200301 4500 | ||
|---|---|---|---|
| 001 | RU\NLR\BIBL_A\022421126 | ||
| 005 | 20250131151344.0 | ||
| 010 |
_a978-5-6052193-4-7 _bт. 3 _9300 |
||
| 021 |
_aRU _bКН-П-24-071886 _9КН-П-24-7173 |
||
| 035 | _a(NLR Aleph) 022421126 | ||
| 090 |
_a13338520 _c13338520 |
||
| 100 | _a20241225d2024 u y0rusy50 ca | ||
| 101 | 0 | _arus | |
| 102 | _aRU | ||
| 105 | _aachbz 000yd | ||
| 200 | 1 |
_aПоселение Новоэстония _fМери Никольская (Пурман), Ирина Петручек (Сальман) |
|
| 210 | _d2024 | ||
| 215 |
_a174, [1] с., [40] л. ил., цв. ил., портр., факс., карт. _cил., цв. ил., портр., факс. |
||
| 320 | _aБиблиогр. в конце материалов | ||
| 333 | _a16+ | ||
| 461 | 0 |
_1001RU\NLR\BIBL_A\012184822 _12001#$aСборник материалов по истории$v[Т. 3] _912288913 _aСальман, Л. Я. _cСимферополь _d2019 _fЛеонгард Сальман _nМедиацентр им. И. Гаспринского _oсборник материалов по истории _tЭстонские поселения Джурчи и Кият-Орка _y9785604297391 _v[Т. 3] |
|
| 701 | 1 |
_7ca _8rus _aНикольская _bМ. Р. _f1937- _gМери Рудольфовна _92647963 _3RU\NLR\AUTH\770275996 |
|
| 701 | 1 |
_7ca _8rus _aПетручек _bИ. Л. _gИрина Леонгардовна _92647966 _3RU\NLR\AUTH\770275999 |
|
| 942 | _cBOOK | ||
| 980 | _aNB | ||